50 States Capitals in a Minute - Statistics

General Stats
  • This quiz has been taken 7,364 times
  • The average score is 14 of 50
Answer Stats
State Capital % Correct
California Sacramento
69%
Colorado Denver
62%
Alaska Juneau
61%
Alabama Montgomery
61%
Arizona Phoenix
61%
Arkansas Little Rock
53%
Georgia Atlanta
51%
Hawaii Honolulu
50%
Florida Tallahassee
50%
Deleware Dover
48%
Idaho Boise
47%
Connecticut Hartford
45%
New York Albany
39%
Illinois Springfield
37%
Indiana Indianapolis
35%
Iowa Des Moines
32%
Massachusetts Boston
30%
Texas Austin
29%
Montana Helena
29%
Kansas Topeka
29%
Maine Augusta
27%
Louisiana Baton Rouge
27%
Nevada Carson City
25%
Kentucky Frankfort
24%
Ohio Columbus
23%
Nebraska Lincoln
23%
New Mexico Santa Fe
23%
Maryland Annapolis
22%
Mississippi Jackson
22%
New Jersey Trenton
22%
Oregon Salem
21%
Michigan Lansing
20%
New Hampshire Concord
18%
Washington Olympia
18%
South Dakota Pierre
17%
North Carolina Raleigh
17%
Missouri Jefferson City
16%
Oklahoma Oklahoma City
16%
North Dakota Bismarck
14%
Pennsylvania Harrisburg
14%
Tennessee Nashville
14%
Utah Salt Lake City
14%
South Carolina Columbia
13%
Rhode Island Providence
12%
Virginia Richmond
12%
Wisconsin Madison
11%
Vermont Montpelier
11%
Wyoming Cheyenne
10%
West Virginia Charleston
9%
Minnesota Saint Paul
9%
No matching quizzes found
Score Distribution
Percent of People with Each Score
Percentile by Number Answered
Your Score History
You have not taken this quiz